00323nam a2200133Ia 4500008004100000082001600041100002000057245002500077250000800102260002500110300001300135500002500148650001600173230524s9999 xx 000 0 und d a510.15bKRI aEr.Krishnamurty 0aNumerical Algorithms a1ST aNEW DELHIbEWPc1997 aXXII;629 aQuantity Number: 10 aMathematics